Statystyki dla Flagi państw świata mające kolor: czerwony, biały i niebieski

Kliknij tutaj aby rozwiązać quiz!

Ogólne statystyki

  • Ten quiz został rozwiązany 21 razy
  • Średni wynik to 20 z 23

Statystyki odpowiedzi

Odpowiedź% Poprawnych
Australia
100%
Czechy
100%
Francja
100%
Islandia
100%
Luksemburg
100%
Norwegia
100%
Rosja
100%
Chile
95%
Holandia | Niderlandy
95%
Korea Północna
95%
Kuba
95%
Nowa Zelandia
95%
Słowacja
90%
Stany Zjednoczone
90%
Wielka Brytania
90%
Kostaryka
85%
Laos
80%
Nepal
80%
Panama
80%
Liberia
70%
Tajlandia
70%
Tajwan | Republika Chińska
65%
Samoa
35%

Rozkład punktacji

Percentyl według liczby udzielonych odpowiedzi

Procent ludzi z każdym wynikiem

Twoja historia wyników

Nie rozwiązałeś tego quizu